Case studies in biometry

Αποθηκεύτηκε σε:
Λεπτομέρειες βιβλιογραφικής εγγραφής
Άλλοι συγγραφείς: Lange, Nicholas, 1952- (Επιμελητής έκδοσης)
Μορφή: Βιβλίο
Γλώσσα:English
Δημοσίευση: New York ; Chichester : Wiley, c1994.
Σειρά:Wiley series in probability and mathematical statistics. Applied probability and statistics.
Θέματα:
Ετικέτες: Προσθήκη ετικέτας
Δεν υπάρχουν, Καταχωρήστε ετικέτα πρώτοι!

MARC

LEADER 00000cam a2200000 i 4500
001 1/1452
008 000417s1994 nyu| ||| |||| ||eng||
020 |a 047158925X 
035 |l 10060023 
040 |a GR-MyUa  |b gre  |e AACR2 
041 0 |a eng 
082 7 |a 570.15195   |2 (22) 
245 0 0 |a Case studies in biometry /   |c edited by Nicholas Lange...[et.al.] ; sponsored by the Eastern and Western North American Regions of the International Biometrics Society.  
260 |a New York ;   |a Chichester :   |b Wiley,   |c c1994.  
300 |a xix, 496 σ. :   |b εικ. ;   |c 24 εκ. +   |e 1 οπτική δισκέτα λέιζερ Η/Υ (3 1/2 ίν.) 
490 1 |a (Wiley series in probability and mathematical statistics. Applied probability and statistics) 
504 |a Περιέχει βιβλιογραφικές αναφορές και ευρετήριο.  
650 0 0 |a Biometry  |x Case studies. 
700 1 |a Lange, Nicholas,   |d 1952-  |e edt 
830 0 |a Wiley series in probability and mathematical statistics.   |p Applied probability and statistics. 
852 |a INST  |b SAMOS  |e 20000509  |h 570.15195 CAS  |p 005300017539  |q 005300017539  |t BK  |y 0 
852 |a INST  |b SAMOS  |e 20000417  |h 570.15195 CAS   |p 005300017540  |q 005300017540  |t BK  |y 0 
901 |a BIBL3-2000-2 
922 |a 3ΕΛΗ  |b 200003  |c ΚΠΣ  |d ΠΑΠΑΣΩΤΗΡΙΟΥ 
950 |a 116-1999-12-30 
970 |a ΓΕΝΟΥΖΟΥ  |b ΧΡΥΣΑΝΘΗ  |z 2000/05/09